Loading...
Other | 0 | 2 | 0 | 1 | 20 | 102 | 122.00 | 0 | 2 |
Fine Arts - Painting & Sculpture | 0 | 1 | 0 | 0 | 10 | 136 | 136.00 | 0 | 1 |
History - American History | 0 | 1 | 0 | 1 | 10 | 133 | 133.00 | 0 | 1 |
History - European History | 0 | 1 | 0 | 0 | 10 | 85 | 85.00 | 1 | 1 |
Fine Arts - Other Fine Arts | 0 | 1 | 0 | 0 | 10 | 112 | 112.00 | 1 | 1 |
Literature - European Literature | 0 | 1 | 0 | 0 | 10 | 152 | 152.00 | 0 | 1 |
Social Science | 0 | 1 | 0 | 1 | 10 | 118 | 118.00 | 1 | 1 |
History - World History | 0 | 1 | 1 | 1 | 5 | 131 | 131.00 | 0 | 1 |
Literature - World Literature | 0 | 0 | 1 | 0 | -5 | 0.00 | 0 | 0 | |
History - Other History | 0 | 0 | 1 | 0 | -5 | 0.00 | 0 | 0 | |
Religion | 0 | 0 | 1 | 0 | -5 | 0.00 | 0 | 0 |